| 000 | 00669cam a22002291 4500 | ||
|---|---|---|---|
| 999 |
_c232432 _d232432 |
||
| 001 | 9837213 | ||
| 003 | Nust | ||
| 005 | 20170216150131.0 | ||
| 008 | 711209s1962 nyu 000 1 eng | ||
| 010 | _a 61009513 | ||
| 020 | _a9798129108042 | ||
| 035 | _a(OCoLC)180219 | ||
| 040 |
_aDLC _cOYU _dOCoLC _dDLC |
||
| 042 | _apremarc | ||
| 050 | 0 | 0 |
_aPZ4.H151 _bIn _aPR9199.3.H3 |
| 082 |
_a823 _bHAI |
||
| 100 | 1 | _aHailey, Arthur. | |
| 245 | 1 | 0 |
_aIn high places, _ba novel. |
| 250 | _a[1st ed.] | ||
| 260 |
_aGarden City, N.Y., _bDoubleday, _c1962. |
||
| 300 | _a504 p. | ||
| 906 |
_a7 _bcbc _coclcrpl _du _encip _f19 _gy-gencatlg |
||
| 942 |
_2ddc _cBK |
||